| 000 | 00582cam a2200181 a 4500 | ||
|---|---|---|---|
| 020 | _a0028001567 | ||
| 040 | _cDLC | ||
| 082 | 0 | 0 | _a005 HER 1992 C284 Or. |
| 100 | 1 | _aSchildt, Herbert | |
| 245 | 1 | 0 |
_aInstructor's Manual and Key for Mastering DOS : _bthe complete reference / |
| 300 |
_axxv, 949 pages ; _c24 cm |
||
| 500 | _aIncludes index. | ||
| 650 | 0 | _aC# (Computer program language) | |
| 710 | 2 | _aO'Reilly (Firm) | |
| 710 | 2 | _aSerials Solutions | |
| 856 | 4 | 0 | _uhttps://ezproxy.spl.org/login?url=https://learning.oreilly.com/library/view/~/9780071741163/?ar |
| 942 | _cAEDBB | ||
| 999 |
_c22390 _d22390 |
||